[Event "Colombo Mercantile op 11th"]
[Site "Colombo"]
[Date "2023.05.01"]
[Round "7"]
[White "Bulugahapitiya, ID."]
[Black "Fonseka, CKD"]
[Result "0-1"]
[WhiteElo "1211"]
[BlackElo "1622"]
[PlyCount "56"]
[EventDate "2023.04.28"]
[EventType "swiss"]
[EventRounds "7"]
[EventCountry "SRI"]
[SourceTitle "CBM 214 Extra"]
[Source "ChessBase"]
[SourceDate "2023.07.31"]
[SourceVersion "1"]
[SourceVersionDate "2023.07.31"]
[SourceQuality "1"]

1. d4 e6 2. Bf4 f5 3. e3 Nf6 4. Nf3 Be7 5. c3 b6 6. Be2 Bb7 7. Nbd2 0-0 8. h4 c5 9. Rc1 Nc6 10. Nc4 Nd5 11. Bg3 cxd4 12. cxd4 f4 13. Bh2 b5 14. e4 bxc4 15. exd5 exd5 16. 0-0 Bxh4 17. Qd2 Bg5 18. Nxg5 Qxg5 19. Bf3 Rf6 20. Rfe1 Raf8 21. Rc3 d6 22. Kf1 Nb4 23. a3 Nd3 24. Re7 Rh6 25. Bg1 Qxe7 26. b3 Re8 27. Be2 Re6 28. g3 Rxe2 0-1

[Event "Colombo Mercantile op 11th"]
[Site "Colombo"]
[Date "2023.04.30"]
[Round "4"]
[White "Fonseka, CKD"]
[Black "Subasinghe, KRVR"]
[Result "0-1"]
[WhiteElo "1622"]
[BlackElo "1960"]
[PlyCount "72"]
[EventDate "2023.04.28"]
[EventType "swiss"]
[EventRounds "7"]
[EventCountry "SRI"]
[SourceTitle "CBM 214 Extra"]
[Source "ChessBase"]
[SourceDate "2023.07.31"]
[SourceVersion "1"]
[SourceVersionDate "2023.07.31"]
[SourceQuality "1"]

1. e4 d6 2. d4 e6 3. f4 Nf6 4. Bd3 e5 5. Nf3 exd4 6. Nxd4 Bg4 7. Nf3 d5 8. e5 Nh5 9. Be3 d4 10. Bd2 g6 11. 0-0 Ng7 12. Qe1 Nc6 13. Ng5 Be7 14. Ne4 0-0 15. a4 Bh4 16. g3 Be7 17. Nf2 Be6 18. Qe2 Nb4 19. Bxb4 Bxb4 20. Nd2 Be7 21. Nde4 Nf5 22. Ng4 Kg7 23. Ngf6 Ne3 24. Rf2 c5 25. b3 Rc8 26. g4 c4 27. bxc4 Bxc4 28. Qf3 Bxd3 29. cxd3 Qc7 30. h3 Rh8 31. Rb1 b6 32. Rfb2 Qc6 33. Qg3 Qxa4 34. f5 Rc2 35. Nf2 Rxb2 36. Rxb2 Qa1+ 0-1

[Event "Colombo Mercantile op 11th"]
[Site "Colombo"]
[Date "2023.04.30"]
[Round "5"]
[White "Marasinghe, Kasunka"]
[Black "Fonseka, CKD"]
[Result "0-1"]
[WhiteElo "1209"]
[BlackElo "1622"]
[PlyCount "48"]
[EventDate "2023.04.28"]
[EventType "swiss"]
[EventRounds "7"]
[EventCountry "SRI"]
[SourceTitle "CBM 214 Extra"]
[Source "ChessBase"]
[SourceDate "2023.07.31"]
[SourceVersion "1"]
[SourceVersionDate "2023.07.31"]
[SourceQuality "1"]

1. d4 e6 2. Bf4 f5 3. Nf3 Nf6 4. e3 Be7 5. Nbd2 b6 6. c3 Bb7 7. h3 0-0 8. Qc2 c5 9. Bd3 cxd4 10. exd4 Nc6 11. 0-0-0 Rc8 12. a3 Nd5 13. Bh2 Na5 14. Nb1 b5 15. Bxb5 Qb6 16. Ba4 Nf6 17. Rde1 Be4 18. Qd2 Nc4 19. Qe2 Nxa3 20. Nbd2 Qa5 21. Nxe4 fxe4 22. bxa3 Qxa4 23. Ne5 Rxc3+ 24. Kb1 Rb8+ 0-1

[Event "SRI-chB"]
[Site "Maharaga"]
[Date "2020.03.07"]
[Round "2.13"]
[White "Fonseka, CKD"]
[Black "Amarasinghe, AACB"]
[Result "1/2-1/2"]
[WhiteElo "1663"]
[BlackElo "1925"]
[PlyCount "100"]
[EventDate "2020.03.06"]
[EventType "swiss"]
[EventRounds "11"]
[EventCountry "SRI"]
[SourceTitle "CBM 195 Extra"]
[Source "ChessBase"]
[SourceDate "2020.05.31"]
[SourceVersion "1"]
[SourceVersionDate "2020.05.31"]
[SourceQuality "1"]

1. e4 c5 2. Nf3 Nc6 3. Bb5 g6 4. 0-0 Bg7 5. Re1 Nf6 6. d3 0-0 7. a4 Na5 8. Nc3 a6 9. Bc4 Nxc4 10. dxc4 d6 11. h3 Nd7 12. Bd2 f5 13. Ng5 Ne5 14. exf5 Bxf5 15. Be3 e6 16. Qe2 h6 17. Nge4 Bxh3 18. gxh3 Nf3+ 19. Kh1 Qh4 20. Qf1 d5 21. Bxc5 dxe4 22. Bxf8 Bxc3 23. Be7 Qxe7 24. bxc3 Qh4 25. Re3 Rf8 26. Qg2 Ng5 27. Rf1 Qf4 28. Qg3 Qf5 29. Qg4 Rc8 30. Qg3 e5 31. Rb1 Rd8 32. h4 Nf3 33. Kg2 Nd2 34. Rb6 Nxc4 35. Qxg6+ Qxg6+ 36. Rxg6+ Kf7 37. Reg3 Rd2 38. Kf1 Rxc2 39. Rxh6 Nd2+ 40. Kg2 Nc4 41. Kg1 e3 42. fxe3 Rxc3 43. Kf2 Rc2+ 44. Kg1 b5 45. Rxa6 b4 46. Rgg6 b3 47. h5 b2 48. Ra7+ Kf8 49. Ra8+ Kf7 50. Ra7+ Kf8 1/2-1/2

[Event "Asia zt 3.2"]
[Site "Colombo"]
[Date "2013.02.05"]
[Round "4"]
[White "Fonseka, CKD"]
[Black "Doluweera, Dinul Thisura"]
[Result "1/2-1/2"]
[WhiteElo "1920"]
[BlackElo "1780"]
[PlyCount "100"]
[EventDate "2013.02.03"]
[EventType "swiss"]
[EventRounds "9"]
[EventCountry "SRI"]
[SourceTitle "CBM 153 Extra"]
[Source "ChessBase"]
[SourceDate "2013.04.22"]
[SourceVersion "1"]
[SourceVersionDate "2013.04.22"]
[SourceQuality "1"]

1. e4 e6 2. d4 d5 3. Nc3 Nf6 4. Bg5 Be7 5. e5 Nfd7 6. Bxe7 Qxe7 7. f4 a6 8. Qg4 g6 9. Nf3 c5 10. dxc5 Nc6 11. Bd3 Qxc5 12. h4 Qe3+ 13. Kf1 Nb4 14. Re1 Qb6 15. h5 Nxd3 16. cxd3 Rg8 17. Re2 Nc5 18. Rd2 Bd7 19. Ng5 h6 20. Nh7 0-0-0 21. Nf6 Rg7 22. Rh3 Kb8 23. Qf3 Bc6 24. Qf2 Na4 25. Nxa4 Qxf2+ 26. Kxf2 Bxa4 27. Rg3 Bc6 28. d4 Ka7 29. Rdd3 b5 30. Rg4 b4 31. Rdg3 Be8 32. hxg6 fxg6 33. Nxe8 Rxe8 34. Rxg6 Rc7 35. Rg7 Rec8 36. Ke2 Kb6 37. Rxc7 Rxc7 38. Kd2 Rf7 39. Ke3 Rc7 40. Kd3 Rf7 41. Rg4 h5 42. Rh4 Rg7 43. Rh2 Kb5 44. b3 a5 45. Ke2 h4 46. Kf2 Rg4 47. Kf3 Rg3+ 48. Ke2 Rg4 49. Ke3 Rg3+ 50. Kd2 Rg4 1/2-1/2

[Event "Asia zt 3.2"]
[Site "Colombo"]
[Date "2013.02.03"]
[Round "1"]
[White "Fonseka, CKD"]
[Black "Kalugampitiya, RS."]
[Result "0-1"]
[WhiteElo "1920"]
[BlackElo "2146"]
[PlyCount "99"]
[EventDate "2013.02.03"]
[EventType "swiss"]
[EventRounds "9"]
[EventCountry "SRI"]
[SourceTitle "CBM 153 Extra"]
[Source "ChessBase"]
[SourceDate "2013.04.22"]
[SourceVersion "1"]
[SourceVersionDate "2013.04.22"]
[SourceQuality "1"]

1. e4 e6 2. d4 d5 3. Nc3 Nf6 4. Bg5 Be7 5. e5 Nfd7 6. Bxe7 Qxe7 7. f4 a6 8. Nf3 c5 9. Qd2 Nc6 10. dxc5 Nxc5 11. Bd3 b5 12. 0-0 b4 13. Ne2 0-0 14. Ng3 g6 15. Rae1 a5 16. Ng5 Ba6 17. Bxa6 Rxa6 18. Kh1 h6 19. Nf3 Kh7 20. h4 Rd8 21. Qe2 Nd4 22. Nxd4 Qxh4+ 23. Kg1 Qxg3 24. Rf3 Qh4 25. g3 Qe7 26. Kg2 Qa7 27. Qe3 Kg7 28. Rh1 Rh8 29. g4 Ne4 30. Rfh3 Qc7 31. R1h2 Raa8 32. Kh1 Qc4 33. Nf3 Qf1+ 34. Ng1 Rac8 35. Rf3 Qd1 36. Qd3 Qxd3 37. cxd3 Nc5 38. Rd2 b3 39. a3 Na4 40. Rff2 Rc1 41. Kg2 Rhc8 42. Ne2 Rb1 43. Nd4 Nc5 44. Nb5 Nb7 45. Nc3 Rc1 46. Kf3 R1xc3 47. bxc3 Rxc3 48. Ke3 Rc8 49. a4 Nc5 50. Rb2 0-1

[Event "Olympiad-35"]
[Site "Bled"]
[Date "2002.11.04"]
[Round "9.3"]
[White "Fonseka, CKD"]
[Black "Al Tamimi, Hamad"]
[Result "0-1"]
[WhiteElo "2141"]
[BlackElo "2169"]
[PlyCount "58"]
[EventDate "2002.10.26"]
[EventType "team-swiss"]
[EventRounds "14"]
[EventCountry "SLO"]
[SourceTitle "EXT 2003"]
[Source "ChessBase"]
[SourceDate "2002.11.25"]
[SourceVersion "1"]
[SourceVersionDate "2002.11.25"]
[SourceQuality "1"]
[WhiteTeam "Sri Lanka"]
[BlackTeam "Qatar"]
[WhiteTeamCountry "SRI"]
[BlackTeamCountry "QAT"]

1. e4 c6 2. d4 d5 3. Nc3 dxe4 4. Nxe4 Bf5 5. Ng3 Bg6 6. h4 h6 7. Nf3 Nd7 8. h5 Bh7 9. Bd3 Bxd3 10. Qxd3 e6 11. Bf4 Ngf6 12. 0-0-0 Be7 13. Kb1 0-0 14. Ne4 Nxe4 15. Qxe4 Nf6 16. Qe2 Qd5 17. Ne5 Qe4 18. Qxe4 Nxe4 19. Be3 Rfd8 20. f3 Ng3 21. Rh3 Nf5 22. Bf2 c5 23. c3 cxd4 24. g4 dxc3 25. Rxd8+ Rxd8 26. Bxa7 Nd6 27. bxc3 Nb5 28. Bb6 Nxc3+ 29. Kb2 Na4+ 0-1

[Event "Olympiad-35"]
[Site "Bled"]
[Date "2002.10.28"]
[Round "3.3"]
[White "Curi, Gabriel"]
[Black "Fonseka, CKD"]
[Result "1/2-1/2"]
[WhiteElo "2269"]
[BlackElo "2141"]
[PlyCount "110"]
[EventDate "2002.10.26"]
[EventType "team-swiss"]
[EventRounds "14"]
[EventCountry "SLO"]
[SourceTitle "EXT 2003"]
[Source "ChessBase"]
[SourceDate "2002.11.25"]
[SourceVersion "1"]
[SourceVersionDate "2002.11.25"]
[SourceQuality "1"]
[WhiteTeam "Uruguay"]
[BlackTeam "Sri Lanka"]
[WhiteTeamCountry "URU"]
[BlackTeamCountry "SRI"]

1. e4 Nf6 2. Nc3 d5 3. e5 d4 4. exf6 dxc3 5. fxg7 cxd2+ 6. Bxd2 Bxg7 7. Qh5 Be6 8. Nf3 c6 9. Ng5 Qd5 10. Nxe6 Qxe6+ 11. Qe2 Qd5 12. Qg4 Bxb2 13. Rd1 Nd7 14. Bc4 Ne5 15. Bxd5 Nxg4 16. Bf3 Ne5 17. Rb1 Bd4 18. Rxb7 Nxf3+ 19. gxf3 Rg8 20. Ke2 Rg6 21. Be3 c5 22. Rhb1 Bxe3 23. fxe3 Ra6 24. Rc7 Rb6 25. Rd1 Rd6 26. Rxd6 exd6 27. e4 a5 28. Rb7 Kf8 29. a4 Kg7 30. Ke3 Kf6 31. f4 Rg8 32. Kf3 Rg1 33. Rb6 Rd1 34. e5+ Ke6 35. exd6 Rd4 36. Rc6 Rxa4 37. Rxc5 Kxd6 38. Rh5 Ke6 39. Rxh7 Rc4 40. Rh6+ Kf5 41. Rh5+ Kg6 42. Rxa5 Rxc2 43. h3 Rc1 44. Rg5+ Kf6 45. Kg4 Rf1 46. Ra5 Rg1+ 47. Kf3 Kg6 48. Kf2 Rb1 49. Kg3 Rg1+ 50. Kh4 Rf1 51. Rg5+ Kf6 52. Kg4 Rg1+ 53. Kh5 Rf1 54. Kg4 Rg1+ 55. Kh5 Rf1 1/2-1/2